000 00408nam a22001457a 4500
003 OSt
005 20150906082950.0
008 150906b xxu||||| |||| 00| 0 eng d
040 _cRUA
082 _aAGR លាភ 1989 B001 Or.1
100 _967
_aលាភ សំណាង
245 _aផលិតភាព និង​​ របៀបដាំនៃពោត
300 _a81p.
_bill.
_c29cm.
942 _2ddc
_cAGR
999 _c64
_d64